| 000 | 00779nam a2200289Ia 4500 | ||
|---|---|---|---|
| 001 | Z_4119 | ||
| 003 | CHAP | ||
| 008 | 220113s1996 xx 000 0 und d | ||
| 010 | _a167182 | ||
| 040 | _cCHAP | ||
| 082 | _a636.4 W45y | ||
| 100 |
_aWhittemore, Colin T. _9121779 |
||
| 245 |
_aCiencia y práctica de la producción porcina / _cpor Colin T. Whittemore |
||
| 260 |
_aZaragoza : _bAcribia, _c1996 |
||
| 300 | _a647 p. ; ilus. | ||
| 440 | _a | ||
| 500 | _aTrad. De : The science and practice of pig production, 1993 | ||
| 503 | _a188970, 218464,219387, 224953 | ||
| 650 |
_aCarne de puerco _919173 |
||
| 650 |
_aGanado porcino _xProducción _945399 |
||
| 901 | _a636.4 W45y | ||
| 902 | _aA | ||
| 910 | _a1996 | ||
| 942 | _c1 | ||
| 942 | _cc1 | ||
| 999 |
_c167182 _d167182 |
||